| 000 | 00457nam a22001697a 4500 | ||
|---|---|---|---|
| 003 | MPLRDC | ||
| 005 | 20220104150123.0 | ||
| 008 | 210129b ||||| |||| 00| 0 eng d | ||
| 082 | _a312.9165 ZXYK 1993 | ||
| 100 | _a沙燕琪主编 | ||
| 245 |
_a资讯百科总览 - 环境与产品 _c |
||
| 260 |
_a _b微电脑传真杂志 _c1993 |
||
| 300 | _b平 | ||
| 490 | _a1994年版资讯百科全书 | ||
| 650 | _a广域网路 | ||
| 942 |
_cBK _o312.9165 ZXYK 1993 |
||
| 999 |
_c51699 _d51689 |
||